000 004720000a22001930004500
003 LK-CoMWRAF
005 20231109100340.0
008 230817t1987 ||||| |||| 00| 0 eng d
040 _aLK-CoMWRAF
_dLK-CoMWRAF
_eLK-CoMWRAF
041 _aeng
082 _a174
_bGAF
100 _aGaffoor, M.S.
245 _aThe Philosophy of Creative Living
260 _aColombo:
_bAuthor,
_c[1987]
300 _a108p. 18cm
650 _aPHILOSOPHY
650 _aEthics
942 _cBK
999 _c1544
_d1544